000 00591nam a22001817a 4500
008 121101t xxu||||| |||| 00| 0 eng d
020 _a1859415032
050 _aKD1949.C28
245 _aTort law: cavendish lawcards series. /
250 _a2nd ed.
260 _aLondon :
_bCavendish Publishing Limited,
_c1999.
300 _a147 p. :
_bill. ;
_c12 cm.
440 _aCavendish lawcards series.
500 _aInclude index.
505 _aContents: Negligence -- Occupiers' liability -- Torts relating to land -- General defences -- Remedies.
650 _aLaw.
_xTort.
942 _2lcc
_cBK
999 _c2482
_d9982